| 000 | 02489nam a2200361 a 4500 | ||
|---|---|---|---|
| 001 | 75445 | ||
| 003 | BD-RjUL | ||
| 005 | 20211209082705.0 | ||
| 008 | 190409s2017 bg a|||||mb|| 00| ddben d | ||
| 035 | _a(BD-RjUL)75663 | ||
| 040 |
_aBD-RjUL _bben/eng _cBD-RjUL _dBD-RjUL |
||
| 041 | _aben | ||
| 082 |
_223 _a891.551109 _bSUF 2017 |
||
| 100 | 1 |
_aসুলতানা, নাঈমা _9230317 |
|
| 245 | 1 | 0 |
_aফারসি কাব্যে কাসীদা = Qasida in Persian Poetry : _bপরিপ্রেক্ষিত কবি রোদাকী, নাসের খসরু ও আনওয়ারী = A study with focus in Rudaki, Nasir Khusraw and Anwari / _cনাঈমা সুলতানা ; _6তত্ত্বাবধায়ক : মো. নূরুল হুদা |
| 246 |
_aQasida in Persian Poetry : _bA study with focus in Rudaki, Nasir Khusraw and Anwari |
||
| 260 |
_aরাজশাহী : _bফারসি ভাষা ও সাহিত্য বিভাগ, রাজশাহী বিশ্ববিদ্যালয়, _c২০১৭ |
||
| 300 |
_axv, ৩৭১ পাতা ; _c৩০ সেমি. |
||
| 502 | _aথিসিস (পিএইচ. ডি.)-- ফারসি ভাষা ও সাহিত্য বিভাগ, রাজশাহী বিশ্ববিদ্যালয়, ২০১৭ | ||
| 504 | _aগ্রন্থপঞ্জী : পাতা ৩৫২-৩৭১ | ||
| 600 |
_aরোদাকী _xসাহিত্য কর্ম _xসমালোচনা ও ব্যাখা _9230322 |
||
| 600 |
_aRudaki _xLiterary works _xCriticism and interpretation _9230323 |
||
| 600 |
_aখসরু, নাসের _xসাহিত্য কর্ম _xসমালোচনা ও ব্যাখা _9244391 |
||
| 600 |
_aKhusraw, Nasir _xLiterary works _xCriticism and interpretation _9191670 |
||
| 600 |
_aআনওয়ারী _xসাহিত্য কর্ম _xসমালোচনা ও ব্যাখা _9244392 |
||
| 600 |
_aAnwari _xLiterary works _xCriticism and interpretation _9230326 |
||
| 650 |
_aফারসি কবিতা _vইতিহাস ও সমালোচনা _9230327 |
||
| 650 |
_aPersian Poetry _vHistory and Criticism _9230328 |
||
| 650 |
_aকাসীদা, ফারসি _9230333 |
||
| 650 |
_aQasida, Persian _9230334 |
||
| 700 |
_aহুদা, মো. নূরুল, তত্ত্বাবধায়ক _9230318 |
||
| 942 |
_2ddc _cTHE |
||
| 999 |
_c75445 _d75445 |
||